WW2 Tanks quiz - Statistics

General Stats
  • This quiz has been taken 1,758 times
  • The average score is 7 of 10
Answer Stats
Question Answer % Correct
What was the main russian tank? T-34
98%
What was the name of the biggest tank to ever be build?(it wasn't build) P1000 ratte
84%
What tank did the Americans make that never saw action? T95 Doom Turtle
81%
What american tank destroyer was feared for its speed? M18 Hellcat
78%
What tank did the Britisch make that never saw action? Tortoise
67%
What was the last tank the germans made? Maus
61%
How thick is the tiger 1's armor plate? 100mm
60%
What was the first german tank ever made? Leichtraktor
59%
Who had designed the famous blitzkrieg tactic? Generaloberst Heinz Guderian
50%
What was most likely the worst tank of WW2? M4 Sherman
37%
No matching quizzes found
Score Distribution
Percent of People with Each Score
Percentile by Number Answered
Your Score History
You have not taken this quiz